Zufällige Ziffern eingeben in 15 Sekunden - Statistiken

Allgemein
  • Dieses Quiz wurde 7.034 mal gespielt
  • Das Durchschnittsergebnis liegt bei 18 aus 60
Antwortstatistiken
Zahl Zahl % Korrekt
0 0
35%
1 1
34%
7 7
34%
2 2
33%
0 0
32%
0 0
32%
0 0
32%
5 5
32%
6 6
32%
7 7
32%
7 7
32%
0 0
31%
0 0
31%
1 1
31%
1 1
31%
1 1
31%
1 1
31%
2 2
31%
2 2
31%
3 3
31%
3 3
31%
3 3
31%
3 3
31%
5 5
31%
5 5
31%
5 5
31%
6 6
31%
7 7
31%
8 8
31%
9 9
31%
9 9
31%
1 1
30%
2 2
30%
2 2
30%
3 3
30%
3 3
30%
4 4
30%
4 4
30%
4 4
30%
4 4
30%
5 5
30%
5 5
30%
6 6
30%
8 8
30%
8 8
30%
9 9
30%
9 9
30%
9 9
30%
2 2
29%
4 4
29%
4 4
29%
6 6
29%
7 7
29%
7 7
29%
8 8
29%
8 8
29%
8 8
29%
9 9
29%
6 6
28%
6 6
28%
Keine übereinstimmenden Quizze gefunden
Verteilung der Resultate
Anzahl Personen mit jedem Resultat
Perzentil nach korrekt beantworteten Fragen
Ihre Resultats-Entwicklung
Sie haben dieses Quiz noch nicht gespielt